Mis canciones festivaleras de los años 60 [ (Record no. 169047)

MARC details
000 -LEADER
campo de control de longitud fija 01094nam a2200253 i 4500
001 - NÚMERO DE CONTROL
campo de control 169047
003 - IDENTIFICADOR DE NÚMERO DE CONTROL
campo de control ES-MaACL
005 - FECHA Y HORA DE LA ÚLTIMA TRANSACCIÓN
campo de control 20251217063022.0
007 - CAMPO FIJO DE DESCRIPCIÓN FÍSICA--INFORMACIÓN GENERAL
campo de control de longitud fija qu
008 - DATOS DE LONGITUD FIJA--INFORMACIÓN GENERAL
campo de control de longitud fija 080804s2007 sp ag |||| | spa d
020 ## - NÚMERO INTERNACIONAL ESTÁNDAR DEL LIBRO
Número Internacional Estándar del Libro 978-84-7960-383-6
080 ## - NÚMERO DE LA CLASIFICACIÓN DECIMAL UNIVERSAL
Número de la Clasificación Decimal Universal 784.68
100 1# - ENTRADA PRINCIPAL--NOMBRE DE PERSONA
Nombre de persona Calderón, Fina de,
Fechas asociadas al nombre 1927-2010
9 (RLIN) 33598
245 10 - MENCIÓN DEL TÍTULO
Título Mis canciones festivaleras de los años 60 [
Medio Música impresa] /
Mención de responsabilidad, etc. Fina de Calderón ; ilustraciones de Teo Puebla.
260 ## - PUBLICACIÓN, DISTRIBUCIÓN, ETC.
Lugar de publicación, distribución, etc. Madrid :
Nombre del editor, distribuidor, etc. Ediciones de la Torre,
Fecha de publicación, distribución, etc. [2007]
300 ## - DESCRIPCIÓN FÍSICA
Extensión 1 partitura vocal (150 p.) :
Otras características físicas il. col. ;
Dimensiones 28 cm.
505 8# - NOTA DE CONTENIDO CON FORMATO
Nota de contenido con formato Contiene: ;
Título Mariola ;
-- Por alguien como tú ;
-- Caracola ;
-- Señor Chaplin ;
-- En Roma ;
-- Giovanna ;
-- Un abrigo gris ;
-- ¿Dónde van? ;
-- Señor Amor ;
-- Alexei ;
-- ¿Cómo aprendiera yo? ;
-- Oh Dany, oh Dany ;
-- Poder ;
-- Ya no tengo tiempo ;
-- La otra mitad ;
-- Mi bienquerida
650 17 - PUNTO DE ACCESO ADICIONAL DE MATERIA--TÉRMINO DE MATERIA
Término de materia o nombre geográfico como elemento de entrada Música ligera
Fuente del encabezamiento o término
9 (RLIN) 138137
650 04 - PUNTO DE ACCESO ADICIONAL DE MATERIA--TÉRMINO DE MATERIA
Término de materia o nombre geográfico como elemento de entrada Canciones españolas-
Subdivisión cronológica S.XX.
9 (RLIN) 10726
700 1# - ENTRADA AGREGADA--NOMBRE PERSONAL
Nombre de persona Puebla, Teo,
Fechas asociadas al nombre 1943-
9 (RLIN) 163263
852 ## - LOCALIZACIÓN
Ubicación ES-MaACL
Número de control de estantería L-29599
942 ## - ELEMENTOS DE ENTRADA SECUNDARIOS (KOHA)
Fuente del sistema de clasificación o colocación Clasificación decimal universal
Holdings
Estatus retirado Estado de pérdida Fuente del sistema de clasificación o colocación Estado de daño No para préstamo Colección Biblioteca de origen Biblioteca actual Ubicación en estantería Fecha de adquisición Total de préstamos Signatura topográfica completa Código de barras Visto por última vez Precio de reemplazo Tipo de ítem Koha
    Clasificación decimal universal     Música impresa Biblioteca del Ateneo de Madrid Biblioteca del Ateneo de Madrid Depósito 2 04/08/2008   L-29599 1177434 23/02/2023 23/02/2023 Partitura